00000000nas 2200000zi 4500
0019.931886
003CaOODSP
00520240206151608
006m     o  d f      
007cr cn ||||||||
008240102d19902001quc x m o    f0    0fre|d
040 |aCaOODSP|bfre|erda|cCaOODSP
043 |an-cn---
0861 |aTU3-1F-PDF
24500|aRapport d'enquête sur accident ferroviaire.
264 1|aGatineau (Québec) : |bBureau de la sécurité des transports du Canada, |c[1990-2001]
310 |aIrrégulier
500 |aPublié aussi en anglais sous le titre : Railway occurrence report.
650 6|aChemins de fer|xAccidents|zCanada|vPériodiques.
655 7|aPériodiques|2rvmgf
7102 |aBureau de la sécurité des transports du Canada, |eorganisme de publication.
77508|tRailway occurrence report.|w(CaOODSP)9.931887
7760#|tRapport d'enquête sur accident ferroviaire |w(CaOODSP)9.513251